00752 2200193 4500245005500000020001800055250001100073100001900084700001200103700001500115650002000130005001900150260004200169041001400211084001400225300002800239500028200267336000900549 aManajemen Kantor Depan HotelcEndar SugiartohText a979-605-790-5 aCet. 1 aEndar Sugiarto aHaryadi aFrans Kowa aManagemen Hotel a20240508101310 aJakartabGramedia Pustaka Utamac1997 aIndonesia a647.94068 aix, 131 hlm. :c23 hlm. aBuku ini akan membuka wawasan Anda mengenal manajemen kantor Depan HOtel (HOtel Front office) secara profesional efisien dan dapat membina loyalitas pelanggan. karena itu,para praktisi perhotelan dan mahasiswa Akademi pariwisata jelas akan mendapat banyak manfaat dari buku ini atext